| 000 | 01210naa a2200301 4500 | ||
|---|---|---|---|
| 999 |
_c45018 _d45018 |
||
| 001 | 45018 | ||
| 003 | ES-MaCES | ||
| 005 | 20190731141504.0 | ||
| 008 | 140904s2014 sp ||||| t||||||| ||spa d | ||
| 040 |
_aES-MaCES _bspa _cES-MaCES |
||
| 100 | 1 |
_912794 _aGarcía Blasco, Juan |
|
| 245 | 1 | 4 |
_aLas medidas laborales y la crisis económica. Valoración. Problemas aplicativos y soluciones (2010) _cJuan García Blasco |
| 504 | _aBibliografía: 109-110 | ||
| 650 | 4 |
_927102 _acrisis económica |
|
| 650 | 4 |
_929261 _arepertorio de recomendaciones prácticas |
|
| 650 | 4 |
_927165 _aderecho del trabajo |
|
| 650 | 4 |
_930174 _aflexibilidad del trabajo |
|
| 650 | 4 |
_928301 _aseguridad en el empleo |
|
| 650 | 4 |
_928292 _amercado de trabajo |
|
| 650 | 4 |
_928362 _anegociación colectiva |
|
| 650 | 4 |
_931233 _a2010 |
|
| 650 | 4 |
_928369 _arelaciones laborales |
|
| 650 | 4 |
_930664 _aconcertación social |
|
| 653 | 1 | 0 | _aRelaciones laborales-Empleo |
| 773 | 0 |
_981666 _dBarcelona Atelier [2014] _o084571 _tEl impacto de la gran crisis mundial sobre el Derecho del trabajo y de la Seguridad Social _w(ES-MaCES)44826 _z9788415690481 _gp. 93-110. - SG-2.0.-430 |
|
| 902 | _aARL Artículo de libro | ||
| 942 |
_2CES _cAR _h2.0. |
||